000 00609cab a2200181 4500
001 WB2611-13
008 090401t1990 xxu||||| |||| 00| 0 eng d
035 _a(Sirsi) u9683
041 _aeng
245 _aFishing rights
260 _c1990
350 _a0
490 _aEGCS
_v1990 27
520 _aLovett v Fairclough and others ChD 1 March 1990. The court had to decide the centre line of the River Tweed to settle fishing rights . The defendants could not prove that profit in gross had been transferred to them.
690 _aHIGHWAYS RIGHTS OF WAY AND EASEMENTS
942 _n0
948 _c04/03/1997
999 _c6079
_d6079